00554 2200193 4500001002100000005001500021008004100036020001800077035001900095041000700114082001500121090002100136100001700157700001600174245008600190260003300276300003300309650001800342INLIS00000000000161120241224112401241224||||||||| | ||| |||| || |  a979-730-715-8 0010-1224001611 aid0 a398.209598 a398.209598 ASE l0 aU. Syahbudin0 aA. Setiawan00aLegenda Candi Cangkuang (Dalem Arif Muhammad): Penyebar Agama Islam di Jawa Barat aBandungbPustaka Setiac2005 a26x18,5 cm, 116 hlm.; ilus.: 0aCerita Rakyat